000 00531nam a22002177a 4500
003 UA-OsUOA
001 38183
007 ta
008 20060428b un ||||| |||| 00| 0 ukr d
100 _aКирей Олександр
090 _a32
_bК11
942 _cSA
040 _aUA-OsUOA
_bukr
_cUA-OsUOA
_dUA-OsUOA
245 _aПовернення преференцій до технопарків
300 _a5 с.
955 _a0
041 _aukr
080 _a32
773 0 _w38181
650 7 _a32 Політика
_2UDC
999 _c324349
_d324349